Kraje związkowe ausrtii - Statystyki

Ogólne statystyki
  • Ten quiz został rozwiązany 1 253 razy
  • Średni wynik to 6 z 9
Odpowiedzi na mapie
Odpowiedzi zakodowano w zielono-czerwonej skali na mapie do tego quizu, zgodnie z poniższymi procentami.
 
Statystyki odpowiedzi
Kraje % Poprawnych
Wiedeń
97%
Tyrol
84%
Salzburg
76%
Dolna Austria
70%
Górna Austria
70%
Burgenland
50%
Styria
49%
Karyntia
47%
Vorarlberg
35%
Nie znaleziono quizów pasujących do podanych kryteriów
Rozkład punktacji
Procent ludzi z każdym wynikiem
Percentyl według liczby udzielonych odpowiedzi
Twoja historia wyników
Nie rozwiązałeś tego quizu